Phineas Finn /

Bibliographic Details
Main Author: Trollope, Anthony, 1815-1882
Format: Book
Language:English
Published: London, New York : Oxford University Press, 1949.
Series:The Oxford Trollope. Crown ed

MARC

Tag First Indicator Second Indicator Subfields
LEADER 00000cam a2200000 4500
001 in00000720425
005 20151016060936.0
008 750611s1949 enkf 00001 eng u
010 |a a 51008916  
035 |a (OCoLC)01387027 
035 |9 ADD1270AM 
040 |c ORL  |d TXA  |d UtOrBLW 
049 |a TXAM  |v 1 [184589]  |v 2 [184590] 
090 |a PR5684  |b .P39 1949 
092 |a 823  |b T847p 
100 1 |a Trollope, Anthony,  |d 1815-1882. 
245 1 0 |a Phineas Finn /  |c with a pref. by Sir Shane Leslie, illus. by T. L. B. Huskinson. 
264 1 |a London,  |a New York :  |b Oxford University Press,  |c 1949. 
300 |a 2 volumes :  |b plates. ;  |c 21 cm. 
336 |a text  |b txt  |2 rdacontent 
337 |a unmediated  |b n  |2 rdamedia 
338 |a volume  |b nc  |2 rdacarrier 
490 0 |a The Oxford Trollope. Crown ed 
999 |a MARS 
999 f f |s 0b547494-a7a9-3926-a02e-9f57b79745a5  |i 26dddaec-88d6-30be-8bc0-187032103e25  |t 0 
952 f f |p normal  |a Texas A&M University  |b College Station  |c Sterling C. Evans Library  |d Evans: Library Stacks  |t 0  |e PR5684 .P39 1949  |h Library of Congress classification  |i unmediated -- volume  |k v.1  |m A14801332279 
952 f f |p normal  |a Texas A&M University  |b College Station  |c Sterling C. Evans Library  |d Evans: Library Stacks  |t 0  |e PR5684 .P39 1949  |h Library of Congress classification  |i unmediated -- volume  |k v.2  |m A14801332287 
998 f f |a PR5684 .P39 1949  |s v.1-v.2  |t 0  |l Evans: Library Stacks